<?xml version="1.0" encoding="UTF-8"?>
<record
    xmlns:xsi="http://www.w3.org/2001/XMLSchema-instance"
    xsi:schemaLocation="http://www.loc.gov/MARC21/slim http://www.loc.gov/standards/marcxml/schema/MARC21slim.xsd"
    xmlns="http://www.loc.gov/MARC21/slim">

  <leader>01871nam a22004097a 4500</leader>
  <datafield tag="999" ind1=" " ind2=" ">
    <subfield code="c">358062</subfield>
    <subfield code="d">358062</subfield>
  </datafield>
  <controlfield tag="003">IT-MiSPE</controlfield>
  <controlfield tag="005">20181114163308.0</controlfield>
  <controlfield tag="008">181114b           ||||| |||| 00| 0 eng d</controlfield>
  <datafield tag="020" ind1=" " ind2=" ">
    <subfield code="a">9788804337799</subfield>
    <subfield code="c">24.000 LIRE</subfield>
  </datafield>
  <datafield tag="040" ind1=" " ind2=" ">
    <subfield code="a">IT-MiSPE</subfield>
    <subfield code="b">ita</subfield>
    <subfield code="c">IT-MiSPE</subfield>
    <subfield code="d">IT-MiSPE</subfield>
  </datafield>
  <datafield tag="082" ind1=" " ind2=" ">
    <subfield code="a">838-MAN th ro (23205)</subfield>
  </datafield>
  <datafield tag="100" ind1=" " ind2=" ">
    <subfield code="a">Mann, Thomas ;</subfield>
    <subfield code="c">Premio Nobel (1929)</subfield>
    <subfield code="d">1875-1955</subfield>
    <subfield code="e">autore</subfield>
    <subfield code="9">57495</subfield>
  </datafield>
  <datafield tag="240" ind1=" " ind2=" ">
    <subfield code="l">ger</subfield>
  </datafield>
  <datafield tag="245" ind1=" " ind2=" ">
    <subfield code="a">Romanzi brevi /</subfield>
    <subfield code="c">a cura di Roberto Fertonani.</subfield>
    <subfield code="b">Tristano ; Tonio Kr&#xF6;ger ; La morte a Venezia ; Cane e padrone ; Disordine e dolore precoce ; Mario e il mago ; La legge ; L'inganno.</subfield>
  </datafield>
  <datafield tag="260" ind1=" " ind2=" ">
    <subfield code="a">Milano :</subfield>
    <subfield code="b">Mondadori,</subfield>
    <subfield code="c">&#xA9;1977 [1990]</subfield>
  </datafield>
  <datafield tag="300" ind1=" " ind2=" ">
    <subfield code="a">xlv, 770 p. ;</subfield>
    <subfield code="c">19 cm</subfield>
  </datafield>
  <datafield tag="490" ind1=" " ind2=" ">
    <subfield code="a">Oscar Grandi classici</subfield>
  </datafield>
  <datafield tag="504" ind1=" " ind2=" ">
    <subfield code="a">Bibliografia pp. 739-765</subfield>
  </datafield>
  <datafield tag="505" ind1=" " ind2=" ">
    <subfield code="a">Edizione con note</subfield>
  </datafield>
  <datafield tag="546" ind1=" " ind2=" ">
    <subfield code="a">Tristano (tr. Emilio Castellani) ; Tonio Kr&#xF6;ger (tr. Emilio Castellani) ; La morte a Venezia (tr. Emilio Castellani) ; Cane e padrone (tr. Lavinia Mazzucchetti) ; Disordine e dolore precoce (tr. Lavinia Mazzucchetti) ; Mario e il mago (tr. Giorgio Zampa) ; Le teste scambiate (tr. Ervino Pocar) ; La legge (tr. Mario Merlini) ; L'inganno (tr. Lavina Mazzucchetti)</subfield>
  </datafield>
  <datafield tag="655" ind1=" " ind2=" ">
    <subfield code="a">Lingua e letteratura tedesca</subfield>
    <subfield code="9">57496</subfield>
  </datafield>
  <datafield tag="700" ind1=" " ind2=" ">
    <subfield code="a">Castellani, Emilio</subfield>
    <subfield code="9">57497</subfield>
  </datafield>
  <datafield tag="700" ind1=" " ind2=" ">
    <subfield code="a">Mazzucchetti, Lavinia</subfield>
    <subfield code="9">57498</subfield>
  </datafield>
  <datafield tag="700" ind1=" " ind2=" ">
    <subfield code="a">Zampa, Giorgio</subfield>
    <subfield code="9">57499</subfield>
  </datafield>
  <datafield tag="700" ind1=" " ind2=" ">
    <subfield code="a">Pocar, Ervino</subfield>
    <subfield code="d">1892-1981</subfield>
    <subfield code="9">57500</subfield>
  </datafield>
  <datafield tag="700" ind1=" " ind2=" ">
    <subfield code="a">Merlini, Mario</subfield>
    <subfield code="9">57501</subfield>
  </datafield>
  <datafield tag="730" ind1=" " ind2=" ">
    <subfield code="a">Tristan.</subfield>
    <subfield code="l">ger</subfield>
    <subfield code="9">57469</subfield>
  </datafield>
  <datafield tag="730" ind1=" " ind2=" ">
    <subfield code="a">Tonio Kr&#xF6;ger.</subfield>
    <subfield code="l">ger</subfield>
    <subfield code="9">57471</subfield>
  </datafield>
  <datafield tag="730" ind1=" " ind2=" ">
    <subfield code="a">Der Tod in Venedig.</subfield>
    <subfield code="l">ger</subfield>
    <subfield code="9">57480</subfield>
  </datafield>
  <datafield tag="730" ind1=" " ind2=" ">
    <subfield code="a">Herr und Hund.</subfield>
    <subfield code="l">ger</subfield>
    <subfield code="9">57481</subfield>
  </datafield>
  <datafield tag="730" ind1=" " ind2=" ">
    <subfield code="a">Unordnung und fr&#xFC;hes Leid.</subfield>
    <subfield code="l">ger</subfield>
    <subfield code="9">57482</subfield>
  </datafield>
  <datafield tag="730" ind1=" " ind2=" ">
    <subfield code="a">Mario und der Zauberer.</subfield>
    <subfield code="l">ger</subfield>
    <subfield code="9">57483</subfield>
  </datafield>
  <datafield tag="730" ind1=" " ind2=" ">
    <subfield code="a">Die vertauschten K&#xF6;pfe.</subfield>
    <subfield code="l">ger</subfield>
    <subfield code="9">57484</subfield>
  </datafield>
  <datafield tag="730" ind1=" " ind2=" ">
    <subfield code="a">Das Gesetz.</subfield>
    <subfield code="l">ger</subfield>
    <subfield code="9">57485</subfield>
  </datafield>
  <datafield tag="730" ind1=" " ind2=" ">
    <subfield code="a">Die Betrogene.</subfield>
    <subfield code="l">ger</subfield>
    <subfield code="9">57486</subfield>
  </datafield>
  <datafield tag="942" ind1=" " ind2=" ">
    <subfield code="2">ddc</subfield>
    <subfield code="c">BK</subfield>
  </datafield>
  <datafield tag="952" ind1=" " ind2=" ">
    <subfield code="0">0</subfield>
    <subfield code="1">0</subfield>
    <subfield code="2">ddc</subfield>
    <subfield code="4">0</subfield>
    <subfield code="6">838MAN_TH_RO_23205</subfield>
    <subfield code="7">1</subfield>
    <subfield code="a">CINISELLO</subfield>
    <subfield code="b">CINISELLO</subfield>
    <subfield code="d">2018-11-14</subfield>
    <subfield code="l">0</subfield>
    <subfield code="o">838-MAN th ro (23205)</subfield>
    <subfield code="p">9788804337799</subfield>
    <subfield code="r">2018-11-14 00:00:00</subfield>
    <subfield code="w">2018-11-14</subfield>
    <subfield code="y">BK</subfield>
  </datafield>
</record>
